000 00480nam a22002177a 4500
003 UA-OsUOA
001 49935
007 ta
008 20071015b un ||||| |||| 00| 0 ukr d
090 _a(038)
_bМ43
942 _cBK
040 _aUA-OsUOA
_brus
_cUA-OsUOA
_dUA-OsUOA
245 _aМежнациональные отношения
300 _a401 с.
955 _a1
041 _arus
080 _a(038)
260 _aК.
_c1991
650 7 _2UDC
999 _c336036
_d336036